北京市二环路立交 Interchanges along the 2nd ring of Beijing - Statistics

General Stats
  • This quiz has been taken 100 times
  • The average score is 21 of 33
Answers on the Map
Answers color-coded by a green-red scale on the quiz's map according to % correct below.
 
Answer Stats
% Correct
西直门桥
96%
东直门桥
93%
阜成门桥
89%
朝阳门桥
84%
建国门桥
84%
复兴桥
83%
德胜门桥
80%
积水潭桥
79%
安定门桥
79%
广安门桥
79%
广渠门桥
74%
鼓楼桥
73%
东便门桥
73%
西便门桥
73%
永定门桥
70%
雍和宫桥
67%
东四十条桥
65%
右安门桥
61%
左安门桥
59%
菜户营桥
57%
陶然桥
54%
官园桥
52%
天宁寺桥
51%
月坛南桥
48%
月坛北桥
48%
小街桥
48%
玉蜓桥
46%
景泰桥
43%
白纸坊桥
43%
东直门北桥
39%
光明桥
39%
开阳桥
35%
钟楼北桥
34%
No matching quizzes found
Score Distribution
Percent of People with Each Score
Percentile by Number Answered
Your Score History
You have not taken this quiz